000 00681nam a2200253Ia 4500
999 _c53150
_d53150
001 20189
003 GE_BSU
005 20250701112001.0
008 181216s2003||||enk|||||||||||||| ||eng||
020 _a9780155084810
040 _cGE_BSU
041 _aeng
080 _a811.111 F-94
100 _aFromkin, V.
_925584
245 3 _aAn introduction to Language /
_cV.Fromkin, R. Rodman, N. Hyams.
250 _a7th Edition
264 _aBoston :
_bThomson Heinle,
_c2003.
300 _a620 p. ;
_c24 cm.
541 _h10 Gel.
653 _aAn introduction to Language
653 _aEnglish Grammar
653 _aინგლისური ენა
942 _cBK
_2udc